Statistics for Countries of the World by Bordering Sea or Country in 90 Seconds

Click here to take the quiz!

General Stats

  • This quiz has been taken 388 times
  • The average score is 164 of 196

Answer Stats

Seas Country % Correct
Caribbean/Mexico/PacificMexico
100%
Mexico/Pacific/AtlanticUnited States
99%
Caribbean/PacificColombia
99%
East China/South China/YellowChina
99%
North/Irish/Celtic/Atlantic/HebridesUnited Kingdom
99%
Baffin Bay/Atlantic/Pacific/Arctic/Hudson/BeaufortCanada
99%
Caribbean/AtlanticVenezuela
99%
North /Atlantic/MediterraneanFrance
99%
Baltic/Black/Pacific/Arctic/Okhotsk/Japan/Caspian/BeringRussia
99%
Indian/Bengal/Andaman/ArabianIndia
99%
Andaman/BengalMyanmar
98%
Pacific OceanChile
98%
Mediterranean/Balearic/AtlanticSpain
98%
Atlantic OceanPeru
98%
Atlantic OceanDemocratic Republic
of the Congo
98%
Atlantic OceanBrazil
98%
Arabian SeaPakistan
98%
Mediterranean/AtlanticMorocco
98%
Atlantic OceanArgentina
98%
Atlantic OceanRepublic of the Congo
97%
Azov/BlackUkraine
97%
Atlantic OceanUruguay
97%
Nepal
97%
Atlantic OceanSuriname
97%
Atlantic OceanGuyana
97%
Baltic/NorthGermany
97%
Bhutan
97%
Red SeaSudan
96%
Baltic SeaPoland
96%
Mediterranean SeaLibya
96%
Baltic SeaFinland
95%
Indian/Pacific/Great Australian/Carpentaria/Coral/Tasman/Arafura/TimorAustralia
95%
Mediterranean SeaAlgeria
95%
Mediterranean/RedEgypt
95%
Mediterranean/Marmara/Black/AegeanTurkey
95%
Caspian SeaKazakhstan
95%
South China/Indian/Pacific/Bengal/Andaman/TimorIndonesia
95%
Atlantic/IndianSouth Africa
95%
Atlantic OceanNamibia
95%
Red/PersianSaudi Arabia
95%
Caribbean/PacificGuatemala
95%
Atlantic OceanAngola
95%
Arabian/PersianIran
94%
Central African Republic
94%
Caribbean/PacificHonduras
94%
Caribbean/AtlanticCuba
94%
Caribbean/PacificPanama
94%
Atlantic OceanMauritania
94%
Caribbean/AtlanticCosta Rica
94%
Atlantic OceanGuinea
93%
Tyrrhenian/Mediterranean/Adriatic/Ligurian/Ionian/SicilyItaly
93%
Chad
93%
Baltic SeaLithuania
93%
South Sudan
93%
Coral/Solomon/Arafura/PacificPapua New Guinea
93%
Atlantic OceanSenegal
93%
Arabian/RedYemen
93%
Caribbean Sea/PacificNicaragua
93%
Caribbean/AtlanticHaiti
92%
Barents/Norwegian/NorthNorway
92%
Bay of BengalBangladesh
92%
Red SeaJordan
92%
Mediterranean/RedIsrael
92%
Caribbean/AtlanticDominican Republic
92%
Irish/Celtic/AtlanticIreland
92%
Baltic/NorthDenmark
92%
Atlantic OceanEcuador
92%
Okhotsk/East China/Japan/PacificJapan
92%
Baltic SeaLatvia
91%
Baltic SeaEstonia
91%
Bengal/IndianSri Lanka
91%
Baltic SeaSweden
91%
Gulf of GuineaCameroon
91%
Arabian/IndianSomalia
91%
CaspianAzerbaijan
91%
Black SeaBulgaria
91%
South China/ThailandVietnam
91%
Guinea/AtlanticGabon
91%
Black SeaGeorgia
91%
Mediterranean/Aegean/Ionian/CreteGreece
90%
Indian OceanKenya
90%
Persian GulfIraq
90%
Atlantic OceanPortugal
90%
Arabian/PersianOman
90%
Indian OceanTanzania
90%
Afghanistan
89%
Caspian SeaTurkmenistan
89%
Black SeaRomania
89%
Arabian/PersianUnited Arab Emirates
89%
Mali
89%
Japan/YellowNorth Korea
89%
Bolivia
88%
Indian OceanMozambique
88%
Mediterranean SeaTunisia
88%
Mediterranean SeaSyria
88%
Mongolia
88%
Paraguay
88%
Philippine/South China/Sulu/SulawesiPhilippines
88%
Laos
87%
Red SeaEritrea
87%
Pacific OceanEl Salvador
87%
Caribbean/AtlanticDominica
86%
Caribbean/AtlanticBarbados
86%
GreenlandNorwegian/AtlanticIceland
86%
North SeaNetherlands
86%
North SeaBelgium
86%
Gulf of GuineaNigeria
86%
Caribbean/AtlanticTrinidad and Tobago
85%
Caribbean/AtlanticSaint Kitts and Nevis
85%
Caribbean/AtlanticSaint Lucia
85%
Tasman/PacificNew Zealand
85%
Niger
85%
Caribbean/AtlanticSaint Vincent and the
Grenadines
85%
Guinea/AtlanticLiberia
85%
Red/ArabianDjibouti
85%
Atlantic OceanGuinea-Bissau
85%
Caribbean/AtlanticAntigua and Barbuda
85%
Caribbean/AtlanticGrenada
85%
Belarus
84%
Gulf of Guinea/AtlanticEquatorial Guinea
84%
Atlantic OceanSierra Leone
84%
Burkina Faso
83%
Zambia
83%
Ethiopia
83%
South China/Thailand/Sulu/Sulawesi/AndamanMalaysia
83%
Switzerland
82%
Austria
82%
AtlanticBahamas
82%
Zimbabwe
82%
Adriatic SeaSlovenia
81%
Atlantic OceanGambia
81%
Gulf of GuineaBenin
81%
Uganda
81%
Botswana
81%
Gulf of GuineaCote d'Ivoire
81%
Kyrgyzstan
81%
Persian GulfQatar
80%
Parsian GulfKuwait
80%
Atlantic OceanCape Verde
79%
Mediterranean SeaLebanon
79%
Pacific OceanKiribati
79%
Andaman/ThailandThailand
79%
Tajikistan
79%
Pacific OceanNauru
79%
Pacific OceanTonga
78%
Pacific OceanSamoa
78%
Solomon/PacificSolomon Islands
78%
Pacific OceanFiji
78%
Pacific OceanPalau
78%
Pacific OceanFederated States of
Micronesia
78%
Adriatic SeaCroatia
77%
Rwanda
77%
Pacific OceanMarshall Islands
77%
Gulf of GuineaGhana
77%
Pacific OceanVanuatu
77%
Pacific OceanTuvalu
77%
Indian OceanMadagascar
76%
Gulf of GuineaTogo
76%
Gulf of ThailandCambodia
76%
Hungary
75%
Mediterranean SeaCyprus
75%
Adriatic SeaMontenegro
75%
Mediterranean/LigurianMonaco
74%
Serbia
74%
Adriatic SeaBosnia and
Herzegovina
73%
Czech Republic
72%
Mediterranean SeaMalta
71%
Burundi
71%
East China/Yellow/JapanSouth Korea
71%
Uzbekistan
70%
Slovakia
69%
Lesotho
67%
Armenia
67%
Macedonia
67%
Swaziland
66%
Ionian/AdriaticAlbania
66%
Malawi
63%
South China/Philippine/East ChinaTaiwan
59%
Luxembourg
58%
Kosovo
58%
Moldova
57%
Indian OceanComoros
56%
Indian OceanMauritius
55%
Indian OceanMaldives
55%
Indian OceanSeychelles
54%
South China SeaBrunei
53%
Vatican City
52%
San Marino
52%
Caribbean SeaBelize
49%
Gulf of GuineaSão Tomé and Príncipe
39%
Caribbean SeaJamaica
39%
South China SeaSingapore
39%
Liechtenstein
38%
Banda/Savu/TimorEast Timor
37%
Andorra
36%
Persian GulfBahrain
33%

Score Distribution

Percentile by Number Answered

Percent of People with Each Score

Your Score History

You have not taken this quiz